00668nam a2200241 a 4500001001300000003000900013005001700022008004100039020001000080082001300090100001900103245003500122260004100157300000900198500003500207505001000242650003200252700001900284902000800303942000700311952009300318999001500411nice12345678IN_TiNIC20260116012046.0050524s1901 lona grp 000 0 eng  ac10000a227bCON aConybeare, W T aLife and Epistles of St. Paul. aLondonbLongmans, Green and Coc1901 a850p aincludes index and biblioraphy2 aIndex aBible N.T. Epistles of Paul1 aConybeare, W T bSRS cBK 00104070aHMIbHMId2007-06-20g100.00l0o227 CONp6486r2007-06-20w2026-01-16yARB c5471d5471